Cuentos completos y relatos rescatados : (Record no. 196792)

MARC details
000 -LEADER
campo de control de longitud fija 01565nam a2200397 i 4500
001 - NÚMERO DE CONTROL
campo de control 196792
003 - IDENTIFICADOR DE NÚMERO DE CONTROL
campo de control ES-MaACL
005 - FECHA Y HORA DE LA ÚLTIMA TRANSACCIÓN
campo de control 20250725063237.0
008 - DATOS DE LONGITUD FIJA--INFORMACIÓN GENERAL
campo de control de longitud fija 241125s2018 sp | |||| 000 j spa
015 ## - NÚMERO DE BIBLIOGRAFÍA NACIONAL
Número de bibliografía nacional MON18
017 ## - NÚMERO DE COPYRIGHT O DE DEPÓSITO LEGAL
Número de copyright o de depósito legal M 8856-2018
Agencia que asigna Oficina Depósito Legal Madrid
020 ## - NÚMERO INTERNACIONAL ESTÁNDAR DEL LIBRO
Número Internacional Estándar del Libro 9788416968381
035 ## - NÚMERO DE CONTROL DEL SISTEMA
Número de control de sistema (OCoLC)1103688310
035 ## - NÚMERO DE CONTROL DEL SISTEMA
Número de control de sistema (SpMaBN)a6436762
040 ## - FUENTE DE CATALOGACIÓN
Centro catalogador/agencia de origen SpMaBN
Lengua de catalogación spa
Centro/agencia transcriptor SpMaBN
Normas de descripción rda
080 ## - NÚMERO DE LA CLASIFICACIÓN DECIMAL UNIVERSAL
Número de la Clasificación Decimal Universal 821.134.2-32"19"
100 1# - ENTRADA PRINCIPAL--NOMBRE DE PERSONA
Nombre de persona Neville, Edgar,
Fechas asociadas al nombre 1899-1967
9 (RLIN) 85470
Término indicativo de función/relación Autor
243 10 - TÍTULO UNIFORME COLECTIVO
Título uniforme <a href="Cuentos">Cuentos</a>
245 10 - MENCIÓN DEL TÍTULO
Título Cuentos completos y relatos rescatados :
Resto del título (1923-1966) /
Mención de responsabilidad, etc. Edgar Neville ; edición y prólogo de José María Goicoechea
250 ## - MENCION DE EDICION
Mención de edición Primera edición en Reino de Cordelia, abril de 2018
264 #1 - PRODUCCIÓN, PUBLICACIÓN, DISTRIBUCIÓN, FABRICACIÓN Y COPYRIGHT
Producción, publicación, distribución, fabricación y copyright Madrid :
Nombre del de productor, editor, distribuidor, fabricante Reino de Cordelia,
Fecha de producción, publicación, distribución, fabricación o copyright [2018]
264 #4 - PRODUCCIÓN, PUBLICACIÓN, DISTRIBUCIÓN, FABRICACIÓN Y COPYRIGHT
Fecha de producción, publicación, distribución, fabricación o copyright ©2018
300 ## - DESCRIPCIÓN FÍSICA
Extensión 566 páginas ;
Dimensiones 23 cm
336 ## - TIPO DE CONTENIDO
Término de tipo de contenido Texto
Fuente rdacontent
337 ## - TIPO DE MEDIO
Nombre/término del tipo de medio sin mediación
Fuente rdamedia
338 ## - TIPO DE SOPORTE
Nombre/término del tipo de soporte volumen
Fuente rdacarrier
490 1# - MENCIÓN DE SERIE
Mención de serie Reino de Cordelia ;
Designación de volumen o secuencia 93
655 #0 - TERMINO DE INDIZACIÓN--GENERO/FORMA
9 (RLIN) 176540
Datos o término principal de género/forma Antologías
700 1# - ENTRADA AGREGADA--NOMBRE PERSONAL
Nombre de persona Goicoechea, José María,
Fechas asociadas al nombre 1966-
9 (RLIN) 239335
Término indicativo de función/relación Editor literario
852 ## - LOCALIZACIÓN
Ubicación ES-MaACL
Ubicación en estantería Depósito J
Número de control de estantería N-10225
Anotaciones manuscritas Dedicatoria autógrafa del editor, José María Goicoechea
Donativo/Legado Donación: José María Goicoechea
Encuadernación Encuadernación cartoné con sobrecubiertas
itemnumber 206352
903 ## - NOMBRE PERSONAL DE DONANTE
9 239335
a Goicoechea, José María,
d 1966-
e Donante
942 ## - ELEMENTOS DE ENTRADA SECUNDARIOS (KOHA)
Tipo de ítem Koha Libro impreso
Suprimir en OPAC No
Holdings
Estatus retirado Estado de pérdida Fuente del sistema de clasificación o colocación Estado de daño No para préstamo Biblioteca de origen Biblioteca actual Ubicación en estantería Fecha de adquisición Fuente de adquisición Total de préstamos Signatura topográfica completa Código de barras Visto por última vez Precio de reemplazo Tipo de ítem Koha
    Clasificación decimal universal     Biblioteca del Ateneo de Madrid Biblioteca del Ateneo de Madrid Depósito J 23/07/2025 Donación   N-10225 2025-0737 23/07/2025 23/07/2025 Libro impreso